[Event "20. Open d'escacs de Sants 2018"]
[Site "Barcelona ESP"]
[Date "2018.08.20"]
[Round "4.15"]
[White "PETROV, Nikita"]
[Black "FENIL, Shah"]
[Result "1-0"]
[WhiteElo "2591"]
[BlackElo "2412"]
[PlyCount "34"]
[EventDate "2018.08.17"]
[EventType "swiss"]
[EventRounds "10"]
[EventCountry "ESP"]
[SourceTitle "Ajedrez en Madrid"]
[Source "lmi"]
[SourceDate "2018.08.17"]
[SourceVersion "1"]
[SourceVersionDate "2019.07.10"]
[SourceQuality "1"]

1. Nf3 d5 2. c4 d4 3. b4 f6 4. e3 e5 5. c5 a5 6. Qa4+ Qd7 7. Bb5 c6 8. Bc4 dxe3
9. dxe3 Qg4 10. Nbd2 Qxg2 11. Rg1 Qh3 12. Bb2 Nh6 13. O-O-O Bg4 14. Be2 Qh5 15.
h3 Bd7 16. Nc4 Qxh3 17. Nb6 Ra7 1-0

[Event "20. Open d'escacs de Sants 2018"]
[Site "Barcelona ESP"]
[Date "2018.08.20"]
[Round "4.17"]
[White "VALENZUELA GOMEZ, Fernando"]
[Black "MOUSSARD, Jules"]
[Result "0-1"]
[WhiteElo "2377"]
[BlackElo "2566"]
[PlyCount "120"]
[EventDate "2018.08.17"]
[EventType "swiss"]
[EventRounds "10"]
[EventCountry "ESP"]
[SourceTitle "Ajedrez en Madrid"]
[Source "lmi"]
[SourceDate "2018.08.17"]
[SourceVersion "1"]
[SourceVersionDate "2019.07.10"]
[SourceQuality "1"]

1. d4 d6 2. Nf3 Nf6 3. c4 g6 4. g3 Bg7 5. Bg2 O-O 6. O-O Nbd7 7. Qc2 e5 8. Rd1
exd4 9. Nxd4 Re8 10. Nc3 Qe7 11. h3 Nc5 12. Bf4 Nce4 13. Nd5 Nxd5 14. cxd5 g5
15. Bc1 Nxf2 16. Kxf2 Bxd4+ 17. Rxd4 Qf6+ 18. Rf4 gxf4 19. Bxf4 Bf5 20. Qd2 Be4
21. Rf1 Qg6 22. e3 Rac8 23. Rc1 Bxg2 24. Kxg2 h5 25. Kf2 Qf5 26. g4 Qf6 27. Rg1
Kh7 28. Qc2+ Qg6 29. Qxg6+ fxg6 30. gxh5 gxh5 31. Rg5 h4 32. Rh5+ Kg7 33. Rxh4
c6 34. Bxd6 cxd5 35. Rb4 b6 36. Rb5 Kf7 37. a4 Ke6 38. Ba3 Rh8 39. Kg3 Rc4 40.
a5 Rg8+ 41. Kf3 Rc6 42. axb6 Rxb6 43. Ra5 Rg7 44. Bc5 Rf7+ 45. Kg3 Rxb2 46.
Bxa7 Rg7+ 47. Kf3 Rf7+ 48. Kg3 Rg7+ 49. Kf3 Rh2 50. Bd4 Rxh3+ 51. Ke2 Rg1 52.
Ra6+ Kd7 53. Kd3 Rd1+ 54. Ke2 Rc1 55. Kd3 Rhh1 56. Ra7+ Kd6 57. Ra6+ Rc6 58.
Ra8 Rd1+ 59. Ke2 Rb1 60. Rd8+ Ke6 0-1

[Event "20. Open d'escacs de Sants 2018"]
[Site "Barcelona ESP"]
[Date "2018.08.20"]
[Round "4.18"]
[White "MARTINEZ ALCANTARA, Jose Eduardo"]
[Black "LAMARD, Guillaume"]
[Result "1-0"]
[WhiteElo "2561"]
[BlackElo "2409"]
[PlyCount "61"]
[EventDate "2018.08.17"]
[EventType "swiss"]
[EventRounds "10"]
[EventCountry "ESP"]
[SourceTitle "Ajedrez en Madrid"]
[Source "lmi"]
[SourceDate "2018.08.17"]
[SourceVersion "1"]
[SourceVersionDate "2019.07.10"]
[SourceQuality "1"]

1. e4 Nc6 2. Nf3 d6 3. d4 Nf6 4. Nc3 g6 5. Bb5 Bd7 6. e5 dxe5 7. dxe5 Ng4 8.
Qe2 Bg7 9. Bf4 g5 10. Bg3 e6 11. O-O-O Qe7 12. Qc4 a6 13. Bxc6 Bxc6 14. Qxg4 h5
15. Qc4 h4 16. Nd4 Bxg2 17. Rhg1 hxg3 18. Rxg2 gxh2 19. Rh1 Bxe5 20. Nc6 bxc6
21. Qxc6+ Kf8 22. Qxa8+ Kg7 23. Qf3 f6 24. Ne4 Rh4 25. Ng3 Qb4 26. Qb3 Qd6 27.
a3 a5 28. Rgxh2 a4 29. Qd3 Qb6 30. c3 Bxg3 31. Qxg3 1-0

[Event "20. Open d'escacs de Sants 2018"]
[Site "Barcelona ESP"]
[Date "2018.08.20"]
[Round "4.19"]
[White "GUERRA MENDEZ, Jose Angel"]
[Black "KRISHNA, C R G."]
[Result "1/2-1/2"]
[WhiteElo "2550"]
[BlackElo "2402"]
[PlyCount "52"]
[EventDate "2018.08.17"]
[EventType "swiss"]
[EventRounds "10"]
[EventCountry "ESP"]
[SourceTitle "Ajedrez en Madrid"]
[Source "lmi"]
[SourceDate "2018.08.17"]
[SourceVersion "1"]
[SourceVersionDate "2019.07.10"]
[SourceQuality "1"]

1. e4 e6 2. d4 d5 3. exd5 exd5 4. Nf3 Bd6 5. Bd3 Ne7 6. O-O O-O 7. Re1 Nbc6 8.
c3 Bf5 9. b4 Qd7 10. Na3 Bxd3 11. Qxd3 Ng6 12. Nc2 Rfe8 13. Bd2 Bf4 14. g3 Bxd2
15. Nxd2 Nce7 16. Ne3 Nc8 17. Nb3 b6 18. Rac1 c6 19. c4 dxc4 20. Qxc4 Nce7 21.
a4 Rac8 22. a5 h5 23. axb6 axb6 24. Qe2 h4 25. Qh5 hxg3 26. hxg3 Nd5 1/2-1/2

[Event "20. Open d'escacs de Sants 2018"]
[Site "Barcelona ESP"]
[Date "2018.08.20"]
[Round "4.20"]
[White "LILLO CASTANY, Victor"]
[Black "MORONI, Luca Jr"]
[Result "0-1"]
[WhiteElo "2349"]
[BlackElo "2547"]
[PlyCount "148"]
[EventDate "2018.08.17"]
[EventType "swiss"]
[EventRounds "10"]
[EventCountry "ESP"]
[SourceTitle "Ajedrez en Madrid"]
[Source "lmi"]
[SourceDate "2018.08.17"]
[SourceVersion "1"]
[SourceVersionDate "2019.07.10"]
[SourceQuality "1"]

1. e4 c5 2. Nf3 d6 3. Bb5+ Nd7 4. O-O Ngf6 5. Qe2 a6 6. Bd3 b5 7. c3 Bb7 8. Bc2
e5 9. d4 Be7 10. Rd1 Qb8 11. Nbd2 O-O 12. Nf1 Rc8 13. Ng3 Qc7 14. d5 Bf8 15.
Nf5 Re8 16. h3 c4 17. Nh2 Bc8 18. Qf3 Kh8 19. Ng4 Ng8 20. Be3 Nc5 21. Ng3 g6
22. Rf1 Bg7 23. Qe2 h5 24. Nh2 Nf6 25. Nf3 a5 26. Qd2 Nh7 27. Rae1 Ba6 28. Ng5
Nxg5 29. Bxg5 b4 30. f4 f6 31. f5 Qf7 32. fxg6 Qxg6 33. Bh4 Bh6 34. Qd1 Rf8 35.
Rf5 Ra7 36. Ref1 b3 37. Bb1 bxa2 38. Bxa2 Raf7 39. Rxh5 Rh7 40. Kh1 Nd3 41. Qf3
Nf4 42. Rxh6 Rxh6 43. Nf5 Rh7 44. Bg3 Bc8 45. Bxf4 exf4 46. Qxf4 Rg8 47. Qf3
Bxf5 48. exf5 Qg5 49. Bxc4 Rh4 50. b3 Re8 51. Kh2 Re3 52. Qf2 Qh6 53. Kg1 Qg5
54. Kh2 Rxc3 55. Re1 Qf4+ 56. Qxf4 Rxf4 57. Re8+ Kg7 58. Ra8 Rf2 59. Rxa5 Rcc2
60. Kg3 Rxg2+ 61. Kf4 Rcf2+ 62. Ke4 Rg5 63. Ra6 Rgxf5 64. Rxd6 R5f4+ 65. Ke3
R2f3+ 66. Ke2 Rxh3 67. Rd7+ Kg6 68. Rd8 Re4+ 69. Kf2 Rd4 70. d6 Rh2+ 71. Ke3
Rhd2 72. Rg8+ Kf5 73. d7 Rxd7 74. Re8 Rd8 0-1

[Event "20. Open d'escacs de Sants 2018"]
[Site "Barcelona ESP"]
[Date "2018.08.20"]
[Round "4.21"]
[White "KARTHIK, Venkataraman"]
[Black "SHYAAMNIKHIL, P."]
[Result "1/2-1/2"]
[WhiteElo "2502"]
[BlackElo "2389"]
[PlyCount "88"]
[EventDate "2018.08.17"]
[EventType "swiss"]
[EventRounds "10"]
[EventCountry "ESP"]
[SourceTitle "Ajedrez en Madrid"]
[Source "lmi"]
[SourceDate "2018.08.17"]
[SourceVersion "1"]
[SourceVersionDate "2019.07.10"]
[SourceQuality "1"]

1. d4 Nf6 2. Bf4 b6 3. Nc3 Bb7 4. f3 d5 5. e4 e6 6. Bb5+ c6 7. Bd3 a6 8. exd5
cxd5 9. a3 Nh5 10. Be3 Bd6 11. Qd2 Qh4+ 12. Bf2 Qf4 13. Qe2 Qh6 14. Nh3 Nf4 15.
Nxf4 Bxf4 16. g3 Bd6 17. f4 O-O 18. Nb1 Re8 19. Nd2 a5 20. O-O Ba6 21. c4 Nd7
22. Rac1 a4 23. Rfe1 Nf6 24. c5 Bxd3 25. Qxd3 Ng4 26. Nf3 bxc5 27. dxc5 Bc7 28.
Bd4 Reb8 29. Re2 Qg6 30. f5 Qh6 31. Rce1 Ba5 32. Bc3 Bxc3 33. bxc3 Rf8 34. fxe6
fxe6 35. Nd4 Rf6 36. h4 Re8 37. c4 dxc4 38. Qxc4 Qg6 39. Rxe6 Rfxe6 40. Rxe6
Rxe6 41. Qxe6+ Qxe6 42. Nxe6 Kf7 43. Nxg7 Ne3 44. c6 Ke7 1/2-1/2

[Event "20. Open d'escacs de Sants 2018"]
[Site "Barcelona ESP"]
[Date "2018.08.20"]
[Round "4.22"]
[White "BUYUKASIK, Diyap"]
[Black "MUNOZ, Miguel"]
[Result "1/2-1/2"]
[WhiteElo "2305"]
[BlackElo "2476"]
[PlyCount "88"]
[EventDate "2018.08.17"]
[EventType "swiss"]
[EventRounds "10"]
[EventCountry "ESP"]
[SourceTitle "Ajedrez en Madrid"]
[Source "lmi"]
[SourceDate "2018.08.17"]
[SourceVersion "1"]
[SourceVersionDate "2019.07.10"]
[SourceQuality "1"]

1. Nf3 Nf6 2. g3 c5 3. Bg2 Nc6 4. c4 e5 5. Nc3 d6 6. d3 h6 7. O-O g6 8. a3 Bg7
9. Rb1 a5 10. Ne1 Be6 11. Nc2 d5 12. cxd5 Nxd5 13. Ne3 Nde7 14. Bd2 O-O 15. Na4
b6 16. b4 cxb4 17. axb4 b5 18. Nc5 Ba2 19. bxa5 Bxb1 20. Qxb1 b4 21. Nc4 Nd5
22. e3 Nxa5 23. Nxa5 Rxa5 24. Nb7 Qb6 25. Nxa5 Qxa5 26. Qb3 Nc3 27. Bxc3 bxc3
28. Rc1 Rc8 29. Bd5 Qc7 30. e4 Bf8 31. Bc4 Bc5 32. Rxc3 Kg7 33. Kg2 Bd4 34. Rc2
h5 35. h4 Qe7 36. Ra2 Rc7 37. Qb8 Rb7 38. Qc8 Rc7 39. Qa8 Rb7 40. Bd5 Rc7 41.
Qb8 Ba7 42. Qb5 Bd4 43. Qb8 Ba7 44. Qb5 Bd4 1/2-1/2

[Event "20. Open d'escacs de Sants 2018"]
[Site "Barcelona ESP"]
[Date "2018.08.20"]
[Round "4.23"]
[White "BEERDSEN, Thomas"]
[Black "MOEHN, Hans"]
[Result "1/2-1/2"]
[WhiteElo "2469"]
[BlackElo "2358"]
[PlyCount "71"]
[EventDate "2018.08.17"]
[EventType "swiss"]
[EventRounds "10"]
[EventCountry "ESP"]
[SourceTitle "Ajedrez en Madrid"]
[Source "lmi"]
[SourceDate "2018.08.17"]
[SourceVersion "1"]
[SourceVersionDate "2019.07.10"]
[SourceQuality "1"]

1. e4 c5 2. Nf3 e6 3. d4 cxd4 4. Nxd4 a6 5. g3 d5 6. Nf3 Nf6 7. exd5 exd5 8.
Nc3 Bc5 9. Qe2+ Be6 10. Ng5 Qe7 11. Nxe6 Qxe6 12. Bg5 O-O 13. O-O-O Nbd7 14.
Qxe6 fxe6 15. Bh3 Kf7 16. Rhe1 Rfe8 17. f4 Bb4 18. Re3 d4 19. Rxd4 Bc5 20. Bxf6
Nxf6 21. Ne2 Nd5 22. Rb3 Bxd4 23. Rxb7+ Re7 24. Nxd4 Rxb7 25. Bxe6+ Ke8 26.
Bxd5 Rd7 27. Bxa8 Rxd4 28. Bf3 a5 29. c3 Rd6 30. Kc2 Rh6 31. h4 Rg6 32. g4 Rf6
33. f5 g6 34. Be4 gxf5 35. Bxf5 h5 36. a3 1/2-1/2

[Event "20. Open d'escacs de Sants 2018"]
[Site "Barcelona ESP"]
[Date "2018.08.20"]
[Round "4.24"]
[White "MOLNER, Mackenzie"]
[Black "DEDEBAS, Emre Emin"]
[Result "1/2-1/2"]
[WhiteElo "2465"]
[BlackElo "2353"]
[PlyCount "73"]
[EventDate "2018.08.17"]
[EventType "swiss"]
[EventRounds "10"]
[EventCountry "ESP"]
[SourceTitle "Ajedrez en Madrid"]
[Source "lmi"]
[SourceDate "2018.08.17"]
[SourceVersion "1"]
[SourceVersionDate "2019.07.10"]
[SourceQuality "1"]

1. e4 e5 2. Nf3 Nc6 3. d4 exd4 4. Nxd4 Nf6 5. Nxc6 bxc6 6. e5 Qe7 7. Qe2 Nd5 8.
h4 d6 9. c4 Nb6 10. exd6 Qxe2+ 11. Bxe2 Bxd6 12. Nc3 Be6 13. b3 O-O-O 14. Bb2
Be5 15. Rd1 Bf6 16. Bf3 c5 17. O-O a6 18. Ba1 Rxd1 19. Rxd1 Rd8 20. Re1 Bd4 21.
Ne4 Nd7 22. Ng5 Bxa1 23. Rxa1 Ne5 24. Be4 h6 25. Nxe6 fxe6 26. Re1 Rd6 27. f4
Nd7 28. Bf3 Kd8 29. Kf2 Rd2+ 30. Kg3 Nf8 31. Re5 Rxa2 32. f5 Rb2 33. fxe6 Ke7
34. Re3 Rd2 35. Bd5 Nh7 36. Be4 Nf8 37. Bd5 1/2-1/2

[Event "20. Open d'escacs de Sants 2018"]
[Site "Barcelona ESP"]
[Date "2018.08.20"]
[Round "4.26"]
[White "DIAZ CAMALLONGA, Carles"]
[Black "GORTI, Akshita"]
[Result "1-0"]
[WhiteElo "2445"]
[BlackElo "2327"]
[PlyCount "117"]
[EventDate "2018.08.17"]
[EventType "swiss"]
[EventRounds "10"]
[EventCountry "ESP"]
[SourceTitle "Ajedrez en Madrid"]
[Source "lmi"]
[SourceDate "2018.08.17"]
[SourceVersion "1"]
[SourceVersionDate "2019.07.10"]
[SourceQuality "1"]

1. e4 e6 2. d4 d5 3. Nc3 Bb4 4. e5 c5 5. a3 Bxc3+ 6. bxc3 Qa5 7. Bd2 Qa4 8. Qb1
c4 9. Ne2 Nc6 10. Ng3 Nge7 11. Be2 Bd7 12. O-O O-O-O 13. Nh5 Rhg8 14. Re1 Kb8
15. Bg4 Ka8 16. Bh3 Rdf8 17. Kh1 Bc8 18. Qc1 b6 19. Rb1 Nf5 20. Qb2 Nfe7 21.
Bg5 Ng6 22. Re2 Ba6 23. Rd1 Bb7 24. Bc1 Nge7 25. Rde1 Bc8 26. Re3 Bd7 27. Bd2
Nd8 28. Rf3 Ndc6 29. Rf1 Ng6 30. Qc1 Nb8 31. Re3 Ne7 32. Rg3 Ng6 33. f4 Na6 34.
f5 exf5 35. Bxf5 Nc7 36. Rgf3 Nh4 37. Bxd7 Qxd7 38. Rf4 Ng6 39. R4f2 Ne6 40.
Qa1 Qa4 41. Qb2 Qa5 42. h3 Rc8 43. Be3 Qa4 44. Ng3 f6 45. exf6 gxf6 46. Nf5
Rcd8 47. Nh6 Rgf8 48. Rxf6 Rxf6 49. Rxf6 Re8 50. Ng4 Ng7 51. Qb4 Qd7 52. Rd6
Qf5 53. Qb5 Qf1+ 54. Bg1 Ne7 55. Rd7 Qf5 56. Ne3 Qe6 57. Nxd5 Nxd5 58. Rxd5 Rc8
59. Re5 1-0

[Event "20. Open d'escacs de Sants 2018"]
[Site "Barcelona ESP"]
[Date "2018.08.20"]
[Round "4.27"]
[White "PALTRINIERI, Nicholas"]
[Black "BELLIA, Fabrizio"]
[Result "0-1"]
[WhiteElo "2288"]
[BlackElo "2440"]
[PlyCount "72"]
[EventDate "2018.08.17"]
[EventType "swiss"]
[EventRounds "10"]
[EventCountry "ESP"]
[SourceTitle "Ajedrez en Madrid"]
[Source "lmi"]
[SourceDate "2018.08.17"]
[SourceVersion "1"]
[SourceVersionDate "2019.07.10"]
[SourceQuality "1"]

1. f4 d5 2. e3 g6 3. Nf3 Bg7 4. Be2 Nf6 5. O-O O-O 6. d3 c5 7. Qe1 Nc6 8. a4
Bg4 9. Ne5 Bxe2 10. Nxc6 bxc6 11. Qxe2 Re8 12. Nc3 e5 13. f5 e4 14. d4 cxd4 15.
exd4 Qb6 16. Be3 Qxb2 17. Qd2 Qb7 18. Bg5 Nd7 19. Ne2 c5 20. f6 Bf8 21. Bh6 Re6
22. Bxf8 Rxf8 23. dxc5 Qc6 24. Nd4 Qxc5 25. Kh1 Rxf6 26. Rxf6 Nxf6 27. Rf1 Ng4
28. c3 Qc7 29. g3 Qc4 30. Qf4 Qd3 31. h3 Ne3 32. Rf2 Nc4 33. Ne6 e3 34. Rf3 Qe4
35. Nxf8 Qxf4 36. Rxf4 e2 0-1

[Event "20. Open d'escacs de Sants 2018"]
[Site "Barcelona ESP"]
[Date "2018.08.20"]
[Round "4.28"]
[White "GUKESH, D."]
[Black "LAUSTSEN, Lars"]
[Result "1-0"]
[WhiteElo "2440"]
[BlackElo "2204"]
[PlyCount "57"]
[EventDate "2018.08.17"]
[EventType "swiss"]
[EventRounds "10"]
[EventCountry "ESP"]
[SourceTitle "Ajedrez en Madrid"]
[Source "lmi"]
[SourceDate "2018.08.17"]
[SourceVersion "1"]
[SourceVersionDate "2019.07.10"]
[SourceQuality "1"]

1. Nf3 c5 2. c4 Nc6 3. Nc3 Nd4 4. e3 Nxf3+ 5. Qxf3 g6 6. g3 Bg7 7. Bg2 d6 8.
O-O Rb8 9. Qd1 a6 10. d4 cxd4 11. exd4 Nf6 12. Re1 O-O 13. a4 e5 14. dxe5 dxe5
15. Qxd8 Rxd8 16. Be3 Be6 17. Ba7 Ra8 18. Bb6 Rd3 19. c5 Nd5 20. Nxd5 Bxd5 21.
Rad1 Rxd1 22. Rxd1 Bb3 23. Bxb7 Bxa4 24. Ra1 Rb8 25. Rxa4 Rxb7 26. Rxa6 Rb8 27.
c6 e4 28. c7 Rc8 29. Ra5 1-0

[Event "20. Open d'escacs de Sants 2018"]
[Site "Barcelona ESP"]
[Date "2018.08.20"]
[Round "4.29"]
[White "PAPADAKIS, Michalis"]
[Black "BUSCARA, Sevan"]
[Result "0-1"]
[WhiteElo "2154"]
[BlackElo "2432"]
[PlyCount "91"]
[EventDate "2018.08.17"]
[EventType "swiss"]
[EventRounds "10"]
[EventCountry "ESP"]
[SourceTitle "Ajedrez en Madrid"]
[Source "lmi"]
[SourceDate "2018.08.17"]
[SourceVersion "1"]
[SourceVersionDate "2019.07.10"]
[SourceQuality "1"]

1. d4 g6 2. c4 Bg7 3. Nc3 c5 4. Nf3 cxd4 5. Nxd4 Nc6 6. e3 Nf6 7. Be2 O-O 8.
O-O d5 9. cxd5 Nxd5 10. Nxc6 bxc6 11. Nxd5 cxd5 12. Bf3 e6 13. Rb1 Qa5 14. a3
Ba6 15. Be2 Rab8 16. b4 Bxe2 17. Qxe2 Qa4 18. Bb2 e5 19. Rfd1 Rfd8 20. Rbc1 a5
21. bxa5 Qxa5 22. Rc2 Qa4 23. Rcd2 Qb3 24. Bc1 d4 25. exd4 exd4 26. Rd3 Qc4 27.
Qf3 Re8 28. Bf4 Rb2 29. g3 h5 30. Kg2 Ree2 31. R1d2 Rexd2 32. Bxd2 Rb1 33. Bf4
Qc2 34. Qe4 f5 35. Qf3 Kh7 36. Bg5 Be5 37. Kh3 Bg7 38. Kg2 Qc4 39. Kh3 Qe6 40.
Rd1 f4+ 41. Kh4 Rb3 42. Qxf4 Rb5 43. Rxd4 Rxg5 44. Qxg5 Bf6 45. Rf4 Bxg5+ 46.
Kxg5 0-1

[Event "20. Open d'escacs de Sants 2018"]
[Site "Barcelona ESP"]
[Date "2018.08.20"]
[Round "4.30"]
[White "RUIZ CASTILLO, Joshua Daniel"]
[Black "MOKSH, Amit Doshi"]
[Result "1-0"]
[WhiteElo "2415"]
[BlackElo "2193"]
[PlyCount "93"]
[EventDate "2018.08.17"]
[EventType "swiss"]
[EventRounds "10"]
[EventCountry "ESP"]
[SourceTitle "Ajedrez en Madrid"]
[Source "lmi"]
[SourceDate "2018.08.17"]
[SourceVersion "1"]
[SourceVersionDate "2019.07.10"]
[SourceQuality "1"]

1. e4 e5 2. Nf3 Nc6 3. Bb5 a6 4. Ba4 Nf6 5. O-O Be7 6. Re1 b5 7. Bb3 d6 8. c3
O-O 9. h3 Nb8 10. d4 Nbd7 11. Nbd2 Bb7 12. Bc2 Re8 13. Nf1 Bf8 14. Ng3 g6 15.
a4 Bg7 16. Bd3 d5 17. exd5 exd4 18. Rxe8+ Qxe8 19. axb5 dxc3 20. bxa6 Nxd5 21.
bxc3 Nxc3 22. Qc2 Bxf3 23. Bb2 Nc5 24. Bxc3 Bxc3 25. Qxc3 Nxd3 26. gxf3 Qe5 27.
Ne4 Qxc3 28. Nxc3 c6 29. a7 Kf8 30. Ra6 Ke7 31. Na4 Nb4 32. Nb6 Nxa6 33. Nxa8
Kd6 34. Nb6 Nc7 35. a8=Q Nxa8 36. Nxa8 g5 37. Kf1 Ke5 38. Nb6 Kf4 39. Kg2 h5
40. Nd7 h4 41. Nb8 c5 42. Nd7 c4 43. Nb6 f5 44. Nxc4 g4 45. fxg4 fxg4 46. hxg4
Kxg4 47. Nd2 1-0

[Event "20. Open d'escacs de Sants 2018"]
[Site "Barcelona ESP"]
[Date "2018.08.20"]
[Round "4.31"]
[White "KOKJE, Joris"]
[Black "ILLESCAS CORDOBA, Miguel"]
[Result "0-1"]
[WhiteElo "2235"]
[BlackElo "2605"]
[PlyCount "62"]
[EventDate "2018.08.17"]
[EventType "swiss"]
[EventRounds "10"]
[EventCountry "ESP"]
[SourceTitle "Ajedrez en Madrid"]
[Source "lmi"]
[SourceDate "2018.08.17"]
[SourceVersion "1"]
[SourceVersionDate "2019.07.10"]
[SourceQuality "1"]

1. d4 d5 2. c4 dxc4 3. Nf3 Nf6 4. g3 Nc6 5. Bg2 e5 6. Qa4 exd4 7. Nxd4 Qxd4 8.
Bxc6+ Nd7 9. Bg2 Bc5 10. e3 Qd3 11. Nc3 O-O 12. Be4 Qd6 13. Qxc4 Ne5 14. Qd5
Qe7 15. O-O c6 16. Qd1 Bg4 17. Qc2 f5 18. Bg2 Nf3+ 19. Kh1 Qg5 20. Ne2 Qh5 21.
h4 Bd6 22. Nf4 Bxf4 23. exf4 Rf6 24. Qb3+ Kh8 25. Qxb7 Rg8 26. Be3 Nxh4 27.
gxh4 Bf3 28. Bxf3 Qxh4+ 29. Kg1 Rg6+ 30. Bg2 Qg4 31. Qxa7 Qxg2# 0-1

[Event "20. Open d'escacs de Sants 2018"]
[Site "Barcelona ESP"]
[Date "2018.08.20"]
[Round "4.32"]
[White "BANOS, Oscar"]
[Black "ZANAN, Evgeny"]
[Result "0-1"]
[WhiteElo "2231"]
[BlackElo "2512"]
[PlyCount "80"]
[EventDate "2018.08.17"]
[EventType "swiss"]
[EventRounds "10"]
[EventCountry "ESP"]
[SourceTitle "Ajedrez en Madrid"]
[Source "lmi"]
[SourceDate "2018.08.17"]
[SourceVersion "1"]
[SourceVersionDate "2019.07.10"]
[SourceQuality "1"]

1. Nf3 Nf6 2. d4 g6 3. e3 Bg7 4. Be2 O-O 5. O-O d6 6. c4 Nbd7 7. Nc3 e5 8. b4
Re8 9. Bb2 e4 10. Nd2 Nf8 11. Re1 c6 12. b5 h5 13. bxc6 bxc6 14. f3 exf3 15.
Bxf3 Bg4 16. h3 Bxf3 17. Qxf3 d5 18. Qg3 Bh6 19. Nf1 Ne6 20. Rab1 Ng5 21. Nd2
Nge4 22. Ndxe4 Nxe4 23. Nxe4 Rxe4 24. cxd5 Qxd5 25. Bc3 Rae8 26. Rb8 Rxb8 27.
Qxb8+ Kh7 28. Qb3 Rxe3 29. Qxd5 Rxe1+ 30. Kf2 cxd5 31. Bxe1 h4 32. Kf3 g5 33.
Ba5 Kg6 34. Bd8 f5 35. Ke3 Bg7 36. Ba5 f4+ 37. Kd3 g4 38. Be1 f3 39. Bxh4 fxg2
40. Bf2 gxh3 0-1

[Event "20. Open d'escacs de Sants 2018"]
[Site "Barcelona ESP"]
[Date "2018.08.20"]
[Round "4.33"]
[White "KNUDSEN, Simon"]
[Black "DIERMAIR, Andreas"]
[Result "0-1"]
[WhiteElo "2222"]
[BlackElo "2501"]
[PlyCount "116"]
[EventDate "2018.08.17"]
[EventType "swiss"]
[EventRounds "10"]
[EventCountry "ESP"]
[SourceTitle "Ajedrez en Madrid"]
[Source "lmi"]
[SourceDate "2018.08.17"]
[SourceVersion "1"]
[SourceVersionDate "2019.07.10"]
[SourceQuality "1"]

1. e4 e5 2. Nf3 Nc6 3. Bb5 Nge7 4. Nc3 Ng6 5. d3 a6 6. Ba4 b5 7. Bb3 Na5 8. h4
h5 9. Ng5 Nxb3 10. axb3 d6 11. Be3 c6 12. g3 f6 13. Nh3 d5 14. exd5 cxd5 15. d4
e4 16. f3 Bb4 17. Nf2 Qc7 18. fxe4 Bxc3+ 19. bxc3 Qxc3+ 20. Ke2 Ne7 21. Qd3 Qc6
22. exd5 Qxd5 23. c4 Qd8 24. cxb5 O-O 25. bxa6 Nd5 26. Kf3 Qb6 27. Qc4 Qe6 28.
Rhe1 Bxa6 29. Rxa6 Rxa6 30. Bf4 Qc6 31. Nd3 Qxc4 32. bxc4 Ra3 33. cxd5 Rxd3+
34. Ke4 Re8+ 35. Kxd3 Rxe1 36. Kd2 Re8 37. Kd3 Kf7 38. Kc4 Ke7 39. Kd3 Kd7 40.
Kc4 Rg8 41. Kd3 Re8 42. Kc4 Re1 43. Kd3 Rd1+ 44. Ke3 Rb1 45. Ke2 Rb5 46. d6 Rb3
47. Kf2 Rd3 48. Ke2 Rxd4 49. Ke3 Ra4 50. Kf3 Ke6 51. Ke3 Ra5 52. Kf3 Rd5 53.
Ke4 g5 54. hxg5 fxg5 55. Bc1 Kxd6 56. Kf3 Ke6 57. Kg2 Kf5 58. Kf2 Kg4 0-1

[Event "20. Open d'escacs de Sants 2018"]
[Site "Barcelona ESP"]
[Date "2018.08.20"]
[Round "4.34"]
[White "VALSECCHI, Alessio"]
[Black "NOBOA, Kevin"]
[Result "1-0"]
[WhiteElo "2500"]
[BlackElo "2256"]
[PlyCount "87"]
[EventDate "2018.08.17"]
[EventType "swiss"]
[EventRounds "10"]
[EventCountry "ESP"]
[SourceTitle "Ajedrez en Madrid"]
[Source "lmi"]
[SourceDate "2018.08.17"]
[SourceVersion "1"]
[SourceVersionDate "2019.07.10"]
[SourceQuality "1"]

1. c4 e5 2. g3 Nf6 3. Bg2 Bc5 4. Nc3 Nc6 5. d3 d6 6. Nf3 h6 7. O-O a6 8. a3 Ba7
9. b4 O-O 10. Bb2 Bg4 11. h3 Be6 12. Rc1 Qd7 13. Kh2 Ne7 14. e4 Nh7 15. Nd5 b5
16. d4 exd4 17. Nxd4 bxc4 18. Rxc4 c5 19. bxc5 dxc5 20. Nxe6 Qxe6 21. Qg4 Ng6
22. f4 Qxg4 23. hxg4 Rab8 24. Rf2 Rb3 25. Bc3 Re8 26. e5 Ne7 27. Nxe7+ Rxe7 28.
Rd2 Nf8 29. Rd6 Rxa3 30. Bb4 Ra2 31. Bxc5 Bxc5 32. Rxc5 Rd7 33. Rxd7 Nxd7 34.
Rc8+ Kh7 35. Kh3 Re2 36. Rc7 Nf8 37. Rxf7 Ne6 38. Bd5 Nd4 39. Rd7 Nc2 40. Bc4
Rf2 41. Bd3+ Kg8 42. Bg6 Kf8 43. e6 Re2 44. e7+ 1-0

[Event "20. Open d'escacs de Sants 2018"]
[Site "Barcelona ESP"]
[Date "2018.08.20"]
[Round "4.35"]
[White "FEDOROVSKY, Michael"]
[Black "SERRA PAGES, Jordi"]
[Result "1/2-1/2"]
[WhiteElo "2481"]
[BlackElo "2251"]
[PlyCount "40"]
[EventDate "2018.08.17"]
[EventType "swiss"]
[EventRounds "10"]
[EventCountry "ESP"]
[SourceTitle "Ajedrez en Madrid"]
[Source "lmi"]
[SourceDate "2018.08.17"]
[SourceVersion "1"]
[SourceVersionDate "2019.07.10"]
[SourceQuality "1"]

1. d4 Nf6 2. c4 g6 3. Nc3 d5 4. cxd5 Nxd5 5. e4 Nxc3 6. bxc3 Bg7 7. Nf3 c5 8.
Be2 cxd4 9. cxd4 Nc6 10. Be3 Qa5+ 11. Bd2 Qa3 12. d5 Nd4 13. Nxd4 Bxd4 14. Bb5+
Bd7 15. Bxd7+ Kxd7 16. Rb1 Qa6 17. Qg4+ Kd8 18. d6 exd6 19. Qg5+ Ke8 20. Qa5
Bf6 1/2-1/2

[Event "20. Open d'escacs de Sants 2018"]
[Site "Barcelona ESP"]
[Date "2018.08.20"]
[Round "4.36"]
[White "CAMPOS OLAYA, Israel"]
[Black "CORI QUISPE, Kevin Joel"]
[Result "0-1"]
[WhiteElo "2218"]
[BlackElo "2480"]
[PlyCount "86"]
[EventDate "2018.08.17"]
[EventType "swiss"]
[EventRounds "10"]
[EventCountry "ESP"]
[SourceTitle "Ajedrez en Madrid"]
[Source "lmi"]
[SourceDate "2018.08.17"]
[SourceVersion "1"]
[SourceVersionDate "2019.07.10"]
[SourceQuality "1"]

1. e4 c5 2. Nf3 e6 3. d4 cxd4 4. Nxd4 a6 5. Nc3 Qc7 6. g3 Nf6 7. Bg2 Bb4 8. O-O
O-O 9. Bg5 Be7 10. Qe2 h6 11. Bf4 e5 12. Nf5 Bb4 13. Bxh6 gxh6 14. Nd5 Qd8 15.
Nxh6+ Kh7 16. Ng4 Nxd5 17. exd5 d6 18. Nxe5 dxe5 19. Qe4+ Kg7 20. Qxb4 a5 21.
Qc3 Qf6 22. Rae1 Nd7 23. Re4 Rh8 24. Rfe1 Qd6 25. Rg4+ Kf8 26. Rc4 Ke7 27. Rg4
Kd8 28. Qf3 f6 29. Rg6 Ra6 30. h4 Qe7 31. Rd1 Rd6 32. h5 Nf8 33. Rg4 Bxg4 34.
Qxg4 Qd7 35. Qh4 Qf5 36. Rd3 Qxh5 37. Qa4 b6 38. b4 Qe2 39. bxa5 Qe1+ 40. Bf1
Qxa5 41. Qg4 Nd7 42. Qf3 Re8 43. Rd1 e4 0-1